UBT Library

Diagnosis and nonsurgical management of osteoarthritis / (Record no. 43104)

000 -LEADER
fixed length control field 00815cam a22002657a 4500
001 - CONTROL NUMBER
control field 12503443
005 - DATE AND TIME OF LATEST TRANSACTION
control field 20180222033238.0
008 - FIXED-LENGTH DATA ELEMENTS--GENERAL INFORMATION
fixed length control field 010815s2000 okuaf b 001 0 eng d
010 ## - LIBRARY OF CONGRESS CONTROL NUMBER
LC control number 2001272244
020 ## - INTERNATIONAL STANDARD BOOK NUMBER
International Standard Book Number 1884735576
035 ## - SYSTEM CONTROL NUMBER
System control number (OCoLC)ocm44892263
040 ## - CATALOGING SOURCE
Original cataloging agency IAX
Transcribing agency IAX
Modifying agency LHA
-- DLC
041 ## - LANGUAGE CODE
Language code of text/sound track or separate title eng
042 ## - AUTHENTICATION CODE
Authentication code lccopycat
080 ## - UNIVERSAL DECIMAL CLASSIFICATION NUMBER
Universal Decimal Classification number 616.7223
082 00 - DEWEY DECIMAL CLASSIFICATION NUMBER
Classification number 616.7223 BRA
Edition number 21
100 1# - Rafti
Rafti 5
101 ## - Shkurtesa
Shkurtesa KIR
245 10 - TITLE STATEMENT
Title Diagnosis and nonsurgical management of osteoarthritis /
Statement of responsibility, etc Kenneth D. Brandt.
246 30 - VARYING FORM OF TITLE
Title proper/short title Nonsurgical management of osteoarthritis
504 ## - BIBLIOGRAPHY, ETC. NOTE
Bibliography, etc Includes bibliograpahical references and index.
906 ## - LOCAL DATA ELEMENT F, LDF (RLIN)
a 7
b cbc
c copycat
d 2
e ncip
f 20
g y-gencatlg
942 ## - ADDED ENTRY ELEMENTS (KOHA)
Source of classification or shelving scheme
Item type Books
Holdings
Withdrawn status Lost status Source of classification or shelving scheme Damaged status Not for loan Collection code Permanent location Current location Shelving location Date acquired Total Checkouts Full call number Barcode Date last seen Price effective from Koha item type
          Koleksioni i përgjithshem UBT - Lipjan UBT - Lipjan Koleksioni i përgjithshem 02/22/2018   616.7223 BRA 002-2999779 02/22/2018 02/22/2018 Books
UBT Library © 2015-2024. All rights reserved University Education for Business and Technology